Normal view MARC view
  • Psiquiatría social

Entry Materia

Number of records used in: 21

001 - NÚMERO DE CONTROL DEL REGISTRO

  • campo de control: 25672

003 - IDENTIFICADOR DE NUMERO DE CONTROL

  • campo de control: UPN

005 - FECHA Y HORA DE LA ÚLTIMA TRANSACCIÓN

  • campo de control: 20221103114638.0

008 - DATOS DE LONGITUD FIJA

  • campo de control de longitud fija: nabaccnnaabn|||||||||| b |nc|||||d

035 ## - NÚMERO DE CONTROL DEL SISTEMA

  • Número de control del sistema: UPN10000025681

040 ## - FUENTE DE LA CATALOGACIÓN

  • Lengua de catalogación: spa
  • Agencia de transcripción: MX-MxUPN
  • Centro catalogador de origen: MX-MxUPN

046 ## - FECHAS CON CODIFICACIÓN ESPECIAL

  • Fecha final para contenidos agregados: 031122

150 ## - ENCABEZAMIENTO - TEMÁTICO

  • Término de materia o nombre geográfico como elemento inicial: Psiquiatría social

670 ## - FUENTE EN LA QUE SE LOCALIZARON DATOS

  • Cita de la fuente: LC
  • Información localizada: Social psychiatry

680 ## - NOTA GENERAL CON DESPLIEGUE PÚBLICO

  • Texto explicativo: Aqui se asientan las obras sobre las influencias ecológicas, sociales y culturales en las enfermedades mentales y su tratamiento. Obras sobre la detección